| 000 | 01121pab a2200157 454500 | ||
|---|---|---|---|
| 008 | 180718b2005 xxu||||| |||| 00| 0 eng d | ||
| 100 | _aSingh, Samir Kumar | ||
| 245 | _aAn analysis of anti-dumping cases in India | ||
| 260 | _c2005 | ||
| 300 | _ap.1069-074. | ||
| 362 | _a12 Mar | ||
| 520 | _aThis paper investigates the impact of anti-dumping policy in India. Contrary to official claims, the analysis finds that the policy has a substantial impact on the quantity and unit value of the investigated products. Furthermore, it examines possible motives behind initiation of anti-dumping investigations and concludes that non-economic factors are prime determinants of investigation. The policy seems to be failing its objective and deserves reconsideration. Finally, this paper suggests a broadening of the horizon of the anti-dumping law, controlling the misuse of its ambiguities to provide undesirable protection to domestic industries and modifying the law to serve the larger interests of the economy. - Reproduced. | ||
| 650 | _aInternational trade | ||
| 773 | _aEconomic and Political Weekly | ||
| 909 | _a64531 | ||
| 999 |
_c64531 _d64531 |
||